000 00425nam a2200169Ia 4500
001 37538
005 20240114001936.0
007 ta
008 070612s a g b000 u u
082 _a822.8209
_bF589 ib
100 _aFjelde, R .
245 0 _aIbsen ; A Collection of Critical Essay /
_cEd R Fjelde.
_hTextual Documents
300 _bill ;
653 _aEnglish Literature
942 _2ddc
_cBK
999 _c37517
_d37517